[Event "Challenge"]
[Site "http://www.queenalice.com/game.php?id=551024"]
[Date "2009.3.5"]
[Round "-"]
[White "Athena27"]
[Black "DJLeon"]
[Result "1-0"]
[WhiteElo "1692"]
[BlackElo "1654"]

1. e4 g6 2. d4 Nf6 3. Nc3 e6 4. a3 Nc6 5. Nf3 Bg7 6. Bg5 h6 7. Be3 Ng4 8. Qd2
Nxe3 9. Qxe3 d5 10. e5 f6 11. Bd3 fxe5 12. Bxg6+ Ke7 13. dxe5 d4 14. Qf4 Qf8 15.
Qh4+ Kd7 16. Rd1 Bxe5 17. Nxe5+ Nxe5 18. Rxd4+ Kc6 19. Qe4+ Kb6 20. Rb4+ Ka6 21.
Qe2+ Nc4 22. Qxc4+ 1-0

[Event "Challenge"]
[Site "http://www.queenalice.com/game.php?id=551025"]
[Date "2009.3.5"]
[Round "-"]
[White "DJLeon"]
[Black "Athena27"]
[Result "0-1"]
[WhiteElo "1668"]
[BlackElo "1809"]

1. g3 Nf6 2. Nf3 e6 3. Bg2 c5 4. c4 Nc6 5. d3 h6 6. e4 d6 7. Nc3 a6 8. O-O Be7
9. a3 Qc7 10. b4 cxb4 11. axb4 Nxb4 12. Qa4+ Nc6 13. Nb5 Qd8 14. Be3 Bd7 15.
Nfd4 Nxd4 16. Bxd4 O-O 17. Qa5 axb5 18. Qxd8 Rfxd8 19. f4 bxc4 20. dxc4 Bc6 21.
Rfe1 Rxa1 22. Rxa1 b5 23. cxb5 Bxb5 24. Bb6 Rc8 25. h3 Nd7 26. Bd4 e5 27. Be3
Rc3 28. Kf2 Rc2+ 29. Kg1 Bf6 30. Ra8+ Kh7 31. Ra1 exf4 32. Bxf4 Bxa1 0-1

[Event "Challenge"]
[Site "http://www.queenalice.com/game.php?id=551028"]
[Date "2009.3.5"]
[Round "-"]
[White "gomonkey"]
[Black "Athena27"]
[Result "0-1"]
[WhiteElo "1655"]
[BlackElo "1521"]

1. e4 c5 2. Nc3 e6 3. d4 cxd4 4. Qxd4 Nc6 5. Qc4 Nf6 6. a3 Qb6 7. b4 Qd4 8. Be3
Qxc4 9. Bxc4 a6 10. Nf3 b5 11. Bd3 d6 12. h3 Be7 13. Bf4 Bb7 14. O-O Rc8 15. Ne2
e5 16. Bg3 h6 17. c3 Nd8 18. Nd2 Ne6 19. f4 exf4 20. Bxf4 Nxf4 21. Rxf4 Nd7 22.
Bc2 Bg5 23. Raf1 Bxf4 24. Rxf4 Ne5 25. Rf5 Rc7 26. a4 Ba8 27. Nf3 Nxf3+ 28. Rxf3
Re7 29. Rf4 Rc7 30. Rf5 Bc6 31. Nd4 Bd7 32. Rf3 bxa4 33. c4 Rxc4 34. Bd3 Rxd4
35. Bxa6 Rxb4 0-1

[Event "Challenge"]
[Site "http://www.queenalice.com/game.php?id=552110"]
[Date "2009.3.7"]
[Round "-"]
[White "Athena27"]
[Black "dorszu"]
[Result "1/2-1/2"]
[WhiteElo "1701"]
[BlackElo "1651"]

1. e4 e6 2. Nf3 d5 3. exd5 exd5 4. h3 Nf6 5. d3 Bb4+ 6. c3 Ba5 7. Bg5 c5 8. Nbd2
O-O 9. Be2 Nc6 10. O-O h6 11. Bh4 Re8 12. Re1 b5 13. a3 Bc7 14. b4 g5 15. Bg3
Bxg3 16. fxg3 c4 17. dxc4 dxc4 18. g4 Qb6+ 19. Kh1 Bb7 20. Nf1 Qf2 21. N1d2 Ne5
22. Rf1 Qg3 23. Qe1 Qxe1 24. Rfxe1 1/2-1/2

[Event "Challenge"]
[Site "http://www.queenalice.com/game.php?id=552111"]
[Date "2009.3.7"]
[Round "-"]
[White "dorszu"]
[Black "Athena27"]
[Result "1/2-1/2"]
[WhiteElo "1653"]
[BlackElo "1694"]

1. c4 Nf6 2. g3 c5 3. Bg2 e6 4. Nc3 a6 5. e3 Qc7 6. Nge2 Nc6 7. b3 Be7 8. Bb2 b6
9. O-O Bb7 10. Re1 O-O 11. d4 cxd4 12. exd4 Rfd8 13. Qc2 Nb4 14. Qd2 Bxg2 15.
Kxg2 Nc6 16. Nf4 Qb7 17. Kg1 d5 18. cxd5 exd5 19. Rac1 Rac8 20. Nd1 Ne4 21. Qe3
a5 22. a4 1/2-1/2

[Event "Challenge"]
[Site "http://www.queenalice.com/game.php?id=552932"]
[Date "2009.3.9"]
[Round "-"]
[White "Athena27"]
[Black "gomonkey"]
[Result "1-0"]
[WhiteElo "1826"]
[BlackElo "1646"]

1. d4 d5 2. Nf3 f6 3. Nbd2 Nc6 4. c3 e5 5. dxe5 fxe5 6. e3 Qf6 7. Nb3 Be6 8. Bb5
Bd7 9. Be2 Be6 10. Nbd2 Bf5 11. Qb3 O-O-O 12. Qa4 a6 13. b4 d4 14. b5 Nb8 15.
bxa6 Nxa6 16. cxd4 Bd7 17. Qc4 Bd6 18. d5 e4 19. Nd4 Rf8 20. Nxe4 Bb4+ 21. Bd2
Qb6 22. O-O Qa5 23. Bxb4 Nxb4 24. Qc5 Qxc5 25. Nxc5 Rd8 26. Rfb1 Nxd5 27. Rxb7
Nb6 28. Ba6 Na8 29. Rb4# 1-0

[Event "Challenge"]
[Site "http://www.queenalice.com/game.php?id=552933"]
[Date "2009.3.9"]
[Round "-"]
[White "gomonkey"]
[Black "Athena27"]
[Result "0-1"]
[WhiteElo "1641"]
[BlackElo "1791"]

1. e4 e5 2. Nf3 Nf6 3. c4 d6 4. d4 exd4 5. Qxd4 Nc6 6. Qe3 Ne5 7. h3 c6 8. Nxe5
dxe5 9. Bd2 Be7 10. a3 h6 11. Nc3 O-O 12. b4 b6 13. b5 c5 14. Nd5 Bd6 15. a4
Nxd5 16. Qg3 Nf4 17. Rd1 Qf6 18. Bxf4 exf4 19. Qd3 Be5 20. Qd5 Be6 21. Qd3 Rfd8
22. Qe2 Bc3+ 23. Rd2 Bxd2+ 24. Qxd2 Qa1+ 25. Ke2 Bxc4+ 0-1

[Event "Challenge"]
[Site "http://www.queenalice.com/game.php?id=553870"]
[Date "2009.3.10"]
[Round "-"]
[White "Athena27"]
[Black "zolaweed"]
[Result "1-0"]
[WhiteElo "1871"]
[BlackElo "1841"]

1. d4 d6 2. Nf3 Nf6 3. e3 e6 4. c4 Be7 5. Nc3 O-O 6. Be2 c6 7. O-O Na6 8. a3 d5
9. cxd5 Nc7 10. dxc6 bxc6 11. Qc2 Ncd5 12. Na4 Qc7 13. Ne5 Bb7 14. Bd2 a5 15.
Rfc1 Rfc8 16. Bd3 g6 17. Nc5 Bd6 18. Nxb7 Qxb7 19. Nc4 Qc7 20. Nxd6 Qxd6 21. Qc5
Qc7 22. Qc2 Ng4 23. g3 Qd7 24. Qd1 1-0

[Event "Challenge"]
[Site "http://www.queenalice.com/game.php?id=553871"]
[Date "2009.3.10"]
[Round "-"]
[White "zolaweed"]
[Black "Athena27"]
[Result "0-1"]
[WhiteElo "1841"]
[BlackElo "1850"]

1. c4 Nf6 2. Nc3 e6 3. g3 c6 4. Bg2 d5 5. b3 Nbd7 6. Nf3 dxc4 7. bxc4 Be7 8. O-O
Qc7 9. d4 h6 10. e4 Bb4 11. e5 Bxc3 12. exf6 Nxf6 13. Rb1 Ba5 14. Ne5 Qe7 15. a3
O-O 16. c5 Rd8 17. h3 Bc7 18. f4 Nd5 19. Qd3 Qe8 20. Bd2 Rb8 21. Bf3 Bd7 22. Bh5
Bxe5 23. fxe5 g6 0-1

[Event "Challenge"]
[Site "http://www.queenalice.com/game.php?id=559274"]
[Date "2009.3.21"]
[Round "-"]
[White "SalsaQueen"]
[Black "Athena27"]
[Result "1/2-1/2"]
[WhiteElo "1751"]
[BlackElo "1924"]

1. d4 Nf6 2. Nf3 e6 3. a3 c5 4. Bg5 cxd4 5. Nxd4 Qa5+ 6. Bd2 Qb6 7. e3 Qxb2 8.
Nc3 Qb6 9. Rb1 Qd8 10. h3 b6 11. Bd3 Bxa3 12. Qf3 Qc7 13. Qxa8 Bb7 14. Qxa7 Bc5
15. Ncb5 Qc8 16. Bb4 Nc6 17. Qa4 Nxb4 18. Rxb4 O-O 19. Rb2 Bxg2 20. Rh2 Bb7 21.
Nb3 Be7 22. N3d4 Qb8 23. f4 Nd5 24. Ke2 f5 25. h4 Nf6 26. Rb1 Rc8 27. Rg1 Ne4
28. h5 Bd5 29. Nf3 Nf6 30. h6 g6 31. Nh4 Ng4 32. Rh3 Bf6 33. Nd4 Bxh4 34. Rxh4
Qc7 35. Nb5 Qc5 36. Rh3 Ra8 37. Qd4 Qxd4 38. exd4 Bc6 39. Kd2 Nf2 40. Rhg3 Nxd3
41. Rxd3 Bxb5 42. Rb3 Bc6 43. Rxb6 Ra3 44. Rb8+ Kf7 45. Rgb1 Rh3 46. Rh8 Rxh6
47. Rbb8 Rh3 48. Rbf8+ Ke7 49. Rb8 Kf7 50. Rbf8+ 1/2-1/2

[Event "Challenge"]
[Site "http://www.queenalice.com/game.php?id=563015"]
[Date "2009.3.28"]
[Round "-"]
[White "Athena27"]
[Black "tewald"]
[Result "1-0"]
[WhiteElo "1911"]
[BlackElo "1799"]

1. e4 e6 2. Nf3 d5 3. exd5 exd5 4. h3 Nf6 5. d4 Be7 6. Bd3 O-O 7. Be3 Nc6 8.
Nbd2 Re8 9. c3 a6 10. Qc2 b5 11. O-O Bb7 12. a3 Na5 13. b3 h6 14. Be2 c5 15.
dxc5 Bxc5 16. Nd4 Nc6 17. Nxc6 Bxc6 18. Bxc5 Rxe2 19. Rae1 Qe8 20. Be3 Rxe1 21.
Rxe1 Qd7 22. Rd1 Qe6 23. Qb1 Ne4 24. Nxe4 dxe4 25. Rd4 f5 26. Qd1 Re8 27. Rd6
Qc8 28. Qh5 Re6 29. Qxf5 Bd7 30. Qd5 Qe8 31. Rxd7 Kh7 32. Qb7 1-0

[Event "Challenge"]
[Site "http://www.queenalice.com/game.php?id=563016"]
[Date "2009.3.28"]
[Round "-"]
[White "tewald"]
[Black "Athena27"]
[Result "1/2-1/2"]
[WhiteElo "1817"]
[BlackElo "1939"]

1. e4 c5 2. d3 Nc6 3. Nf3 d6 4. Nbd2 Nf6 5. g3 e5 6. Bg2 Be7 7. O-O Bd7 8. h3 h6
9. Re1 Qc7 10. c3 Be6 11. a3 Qd7 12. Kh2 Qc7 13. Nb3 Qb6 14. c4 Qc7 15. g4 g5
16. Be3 Nh7 17. Rb1 Nf8 18. Na1 Ng6 19. Nc2 Nf4 20. Bxf4 gxf4 21. b4 Nb8 22.
bxc5 dxc5 23. Na1 Nd7 24. Nb3 Nf6 25. Qc2 Nh7 26. Qc3 f6 27. Nh4 Rg8 28. Na5 b6
29. Nb3 Ng5 30. Nf5 Bf8 31. Rbd1 Rd8 32. f3 Rh8 33. Nh4 Bf7 34. Nf5 h5 35. Kg1
hxg4 36. hxg4 Be6 37. Kf2 Rd7 38. Rh1 Rdh7 39. Rxh7 Rxh7 40. Qc1 Bxf5 41. gxf5
Rh4 1/2-1/2

[Event "Challenge"]
[Site "http://www.queenalice.com/game.php?id=563023"]
[Date "2009.3.28"]
[Round "-"]
[White "Athena27"]
[Black "tonycorreia"]
[Result "1-0"]
[WhiteElo "1889"]
[BlackElo "1942"]

1. e4 e5 2. Nf3 Nc6 3. d4 exd4 4. Nxd4 Ne5 5. c3 d5 6. Nd2 Nf6 7. Qc2 c6 8. Be2
Bc5 9. exd5 Qxd5 10. N2f3 O-O 11. O-O Ne4 12. Nxe5 Qxe5 13. Be3 Re8 14. Bd3 1-0

[Event "Challenge"]
[Site "http://www.queenalice.com/game.php?id=563025"]
[Date "2009.3.28"]
[Round "-"]
[White "Athena27"]
[Black "rusoma"]
[Result "1-0"]
[WhiteElo "1928"]
[BlackElo "1795"]

1. e4 e5 2. Nf3 d6 3. d4 exd4 4. Nxd4 a6 5. Be3 Nf6 6. Nd2 c5 7. N4f3 Bg4 8. Be2
d5 9. e5 Nfd7 10. Bf4 Nc6 11. O-O Bxf3 12. Nxf3 d4 13. Re1 Qe7 14. Bf1 Qe6 15.
Qd2 Be7 16. b3 O-O 17. Bc4 Qf5 18. a3 Rae8 19. Bd3 Qg4 20. Bg3 Bd8 21. Re4 Qe6
22. Bc4 Qg6 23. Bd3 f5 24. Re2 Re6 25. Bf4 Kh8 26. Rae1 Ba5 27. b4 cxb4 28. Qc1
bxa3 29. Rd1 a2 30. Qa3 1-0

[Event "Challenge"]
[Site "http://www.queenalice.com/game.php?id=563026"]
[Date "2009.3.28"]
[Round "-"]
[White "rusoma"]
[Black "Athena27"]
[Result "0-1"]
[WhiteElo "1795"]
[BlackElo "1916"]

1. e4 c5 2. Nf3 e6 3. d4 cxd4 4. Qxd4 Nc6 5. Qd1 Qc7 6. Nc3 a6 7. Bd3 Nf6 8. e5
Nxe5 9. O-O Nxd3 10. cxd3 Be7 11. Bg5 b5 12. a3 Bb7 13. Nd4 Qc5 14. Be3 Qh5 15.
Ne4 Qxd1 16. Rfxd1 Nxe4 17. dxe4 Bxe4 18. Rac1 O-O 19. Rc7 Rfd8 20. Rdc1 Bd6 21.
R7c3 Be5 22. f3 Bb7 23. f4 Bf6 24. Rc7 Be4 25. h3 Bxd4 26. Bxd4 Bc6 27. b3 Rdc8
28. Be5 Rxc7 29. Bxc7 Bd5 0-1

[Event "Challenge"]
[Site "http://www.queenalice.com/game.php?id=617376"]
[Date "2009.7.12"]
[Round "-"]
[White "Athena27"]
[Black "Fauquinelle"]
[Result "1/2-1/2"]
[WhiteElo "1933"]
[BlackElo "1927"]

1. d4 Nf6 2. Nf3 g6 3. Nbd2 Bg7 4. c3 d5 5. Qc2 Bf5 6. Qd1 O-O 7. e3 Nc6 8. Be2
Ne4 9. Nxe4 dxe4 10. Nd2 e5 11. dxe5 Nxe5 12. Nb3 Qxd1+ 13. Kxd1 Rad8+ 14. Kc2
b6 15. Nd4 Rd5 16. Nxf5 gxf5 17. Rd1 Rxd1 18. Kxd1 Rd8+ 19. Ke1 Ng4 20. Bxg4
fxg4 21. Bd2 h5 22. g3 c5 23. Ke2 a5 24. a4 Bf6 25. Rh1 Kg7 26. h3 Kg6 27. h4 c4
28. Rd1 Rd5 29. Bc1 Rxd1 30. Kxd1 Be5 31. Ke2 Kf6 32. Kd2 Ke6 33. Kc2 f5 34. b3
cxb3+ 35. Kxb3 Kd5 36. c4+ Kc5 37. Ba3+ Kc6 38. Bc1 Kc5 39. Bd2 Kc6 40. Be1 Kc5
41. Bd2 Ba1 1/2-1/2

[Event "Challenge"]
[Site "http://www.queenalice.com/game.php?id=617377"]
[Date "2009.7.12"]
[Round "-"]
[White "Fauquinelle"]
[Black "Athena27"]
[Result "1/2-1/2"]
[WhiteElo "1918"]
[BlackElo "1934"]

1. d4 Nf6 2. c4 e6 3. Nf3 b6 4. g3 Bb7 5. Bg2 c5 6. O-O cxd4 7. Nxd4 Bxg2 8.
Kxg2 Be7 9. Nc3 Nc6 10. Nxc6 dxc6 11. Bg5 Qxd1 12. Raxd1 O-O 13. Bxf6 Bxf6 14.
Rd7 Bxc3 15. bxc3 Rfd8 16. Rfd1 Rxd7 17. Rxd7 c5 18. Kf3 Kf8 19. a4 Ke8 20. Rd2
Rd8 21. Rxd8+ Kxd8 22. Ke4 f6 23. f4 Kd7 24. g4 a5 25. e3 Ke7 26. h4 Kd6 27. f5
e5 28. g5 h6 1/2-1/2

[Event "Challenge"]
[Site "http://www.queenalice.com/game.php?id=617409"]
[Date "2009.7.12"]
[Round "-"]
[White "Athena27"]
[Black "Fauquinelle"]
[Result "0-1"]
[WhiteElo "1933"]
[BlackElo "1906"]

1. d4 Nf6 2. Nf3 d5 3. Nbd2 Nc6 4. c3 Bg4 5. e3 e5 6. Be2 exd4 7. Nxd4 Nxd4 8.
exd4 Bxe2 9. Qxe2+ Qe7 10. Qxe7+ Bxe7 11. O-O O-O-O 0-1